[Event "Mondiale Lampo FIDE 2017"]
[Site "Riyadh"]
[Date "29.12.2017"]
[Round "8.54"]
[White "Almasi, Zoltan"]
[Black "Dobrov, Vladimir"]
[Result "0-1"]
[WhiteTitle "GM"]
[BlackTitle "GM"]
[WhiteElo "2682"]
[BlackElo "2515"]
[WhiteFideId "702293"]
[BlackFideId "4136594"]
[EventDate "2017.12.29"]

1. e4 c5 2. Nf3 d6 3. d4 cxd4 4. Nxd4 Nf6 5. Nc3 a6 6. Be2 e6 7. O-O Qc7 8. a4
Nc6 9. Be3 Be7 10. f4 O-O 11. Qe1 Nxd4 12. Bxd4 e5 13. fxe5 dxe5 14. Qg3 Bc5 15.
Bxc5 Qxc5+ 16. Kh1 Kh8 17. Rxf6 gxf6 18. Qh4 Rg8 19. Qxf6+ Rg7 20. Rd1 Be6 21.
Bf3 Re8 22. h3 Kg8 23. Kh2 Rg6 24. Qh4 Qb4 25. Ne2 Qxb2 26. Ng3 Qxc2 27. Nh5 Qc7
28. Nf6+ Rxf6 29. Qxf6 Qe7 30. Qxe5 Bb3 31. Qg3+ Kh8 32. Rd3 Bxa4 33. Rd5 Bc6
34. Rh5 f6 35. Rf5 Bd7 36. Rd5 Be6 37. Rd6 Bf7 38. Rb6 Bg6 39. Qf4 a5 40. Rxf6
Qe5 41. Qxe5 Rxe5 42. Rb6 a4 43. Rxb7 Ra5 44. e5 a3 45. Rb8+ Kg7 46. Bd5 0-1

[Event "Mondiale Lampo FIDE 2017"]
[Site "Riyadh"]
[Date "29.12.2017"]
[Round "8.55"]
[White "Bosiocic, Marin"]
[Black "Haddouche, Mohamed"]
[Result "1-0"]
[WhiteTitle "GM"]
[BlackTitle "GM"]
[WhiteElo "2624"]
[BlackElo "2505"]
[WhiteFideId "14507927"]
[BlackFideId "7900660"]
[EventDate "2017.12.29"]

1. d4 d6 2. e4 Nf6 3. Nc3 e5 4. Nf3 exd4 5. Nxd4 Be7 6. Be2 O-O 7. O-O Re8 8. f4
Bf8 9. Bf3 c6 10. a4 a5 11. b3 Na6 12. Bb2 Nc5 13. Re1 Qb6 14. Kh1 Bd7 15. h3
Rad8 16. Qd2 Bc8 17. Rad1 g6 18. g4 h6 19. Qg2 Bg7 20. Ba1 Ne6 21. Nce2 Nxd4 22.
Bxd4 Qc7 23. Ng3 Qe7 24. Bb6 Rd7 25. Bxa5 Nh7 26. Bb4 c5 27. Bd2 b6 28. h4 Qxh4+
29. Qh2 Qxh2+ 30. Kxh2 Bb7 31. Kg2 Nf8 32. Be3 Ne6 33. e5 Bxf3+ 34. Kxf3 Red8
35. f5 Nc7 36. f6 Bf8 37. exd6 Bxd6 38. Bxh6 Ne6 39. Ne4 Be5 40. Rxd7 Rxd7 41.
Be3 Bd4 42. c3 Be5 43. Ke2 Rd8 44. g5 Re8 45. Kf3 Rd8 46. Ke2 Re8 47. Kd3 Bg3
48. Nxg3 1-0

[Event "Mondiale Lampo FIDE 2017"]
[Site "Riyadh"]
[Date "29.12.2017"]
[Round "8.56"]
[White "Al-Modiahki, Mohamad"]
[Black "Kovalev, Vladislav"]
[Result "0-1"]
[WhiteTitle "GM"]
[BlackTitle "GM"]
[WhiteElo "2542"]
[BlackElo "2639"]
[WhiteFideId "12100030"]
[BlackFideId "13504398"]
[EventDate "2017.12.29"]

1. e4 e5 2. Nf3 Nc6 3. Bb5 a6 4. Ba4 Nf6 5. O-O Be7 6. Re1 b5 7. Bb3 d6 8. c3
O-O 9. h3 Na5 10. Bc2 c5 11. d4 Nd7 12. Nbd2 exd4 13. cxd4 Nc6 14. d5 Nce5 15.
Nxe5 Nxe5 16. f4 Ng6 17. Nf3 f5 18. exf5 Bxf5 19. Bxf5 Rxf5 20. g4 Rxf4 21. Bxf4
Nxf4 22. Kh2 Qd7 23. Re4 Rf8 24. Qd2 Nxh3 25. Qe3 Rxf3 26. Qxf3 Ng5 27. Qe3 Nxe4
28. Qxe4 Bf6 29. Re1 Bxb2 30. Qe6+ Qxe6 31. dxe6 Kf8 32. Kg2 Ke7 33. g5 Be5 34.
Rh1 Kxe6 35. Rxh7 Kd5 36. Kf2 a5 37. Ke2 a4 38. Rh3 b4 39. Rd3+ Kc4 40. Kd2 Bc3+
41. Ke2 d5 42. Rd1 d4 43. g6 b3 44. axb3+ Kxb3 0-1

[Event "Mondiale Lampo FIDE 2017"]
[Site "Riyadh"]
[Date "29.12.2017"]
[Round "8.57"]
[White "Potkin, Vladimir"]
[Black "Dzhumagaliev, Yan"]
[Result "0-1"]
[WhiteTitle "GM"]
[BlackTitle "FM"]
[WhiteElo "2574"]
[BlackElo "2400"]
[WhiteFideId "4131061"]
[BlackFideId "24100110"]
[EventDate "2017.12.29"]

1. c4 Nf6 2. Nc3 h5 3. d4 h4 4. e4 d6 5. h3 e5 6. dxe5 dxe5 7. Qxd8+ Kxd8 8. Nf3
Nfd7 9. Bg5+ Be7 10. Bxe7+ Kxe7 11. Nd5+ Kd8 12. O-O-O f6 13. c5 c6 14. Ne3 g6
15. Bc4 Ke7 16. b4 a5 17. a3 axb4 18. axb4 b6 19. cxb6 Nxb6 20. Bb3 Na6 21. Kb2
Nxb4 22. Kc3 Na6 23. Ra1 Nc5 24. Bc2 Be6 25. Rxa8 Nxa8 26. Ra1 Nc7 27. Ra7 Kd6
28. Kd2 g5 29. Nf5+ Bxf5 30. exf5 Rb8 31. g3 hxg3 32. fxg3 Rh8 33. h4 gxh4 34.
Nxh4 Rb8 35. Ng6 Rb4 36. Ra1 Rg4 37. Rg1 Nd5 38. Ke2 Rc4 39. Kd2 Nb4 40. Bb1
Nb3+ 41. Ke3 Rc3+ 42. Kf2 Nd4 43. g4 Rb3 44. g5 fxg5 45. Be4 Nd3+ 46. Bxd3 Rxd3
47. Rxg5 Rf3+ 48. Kg2 Rxf5 49. Rg3 c5 50. Nh4 Rf4 51. Ng6 Rf7 52. Nh8 Ra7 53.
Rg6+ Kd5 54. Rf6 Rg7+ 55. Kf2 c4 56. Nf7 c3 57. Rd6+ Ke4 58. Rd7 c2 59. Nd6+ Kd3
60. Rxg7 c1=Q 61. Rg3+ Kc2 0-1

[Event "Mondiale Lampo FIDE 2017"]
[Site "Riyadh"]
[Date "29.12.2017"]
[Round "8.58"]
[White "Lodhi, Mahmood"]
[Black "Miton, Kamil"]
[Result "0-1"]
[WhiteTitle "IM"]
[BlackTitle "GM"]
[WhiteElo "2347"]
[BlackElo "2584"]
[WhiteFideId "7800010"]
[BlackFideId "1111914"]
[EventDate "2017.12.29"]

1. d4 Nf6 2. Nf3 g6 3. g3 Bg7 4. Bg2 O-O 5. O-O d6 6. c4 Nc6 7. Nc3 Bg4 8. h3
Bxf3 9. Bxf3 Nd7 10. e3 e5 11. d5 Ne7 12. e4 f5 13. Kg2 Nf6 14. b4 a5 15. bxa5
Rxa5 16. Qb3 b6 17. Bd2 Ra8 18. a4 Kh8 19. Qb5 Ra5 20. Qb3 Qd7 21. Ra2 Raa8 22.
Qc2 Rf7 23. Qd3 Qd8 24. Be2 Nd7 25. Qc2 Nc5 26. f3 Qf8 27. Nb5 Ng8 28. a5 bxa5
29. Rxa5 Rc8 30. Na7 Re8 31. Nc6 Bh6 32. Bxh6 Qxh6 33. Bd3 0-1

[Event "Mondiale Lampo FIDE 2017"]
[Site "Riyadh"]
[Date "29.12.2017"]
[Round "8.59"]
[White "El Adnani, Mokliss"]
[Black "Al Jabri, Mohammed Ali"]
[Result "1-0"]
[WhiteTitle "IM"]
[WhiteElo "2448"]
[BlackElo "2154"]
[WhiteFideId "9000410"]
[BlackFideId "7604734"]
[EventDate "2017.12.29"]

1. d4 d5 2. Nf3 Bf5 3. Bf4 e6 4. e3 Nf6 5. Ne5 Nbd7 6. g4 Bg6 7. h4 h5 8. Nxg6
fxg6 9. Bd3 Kf7 10. g5 Ne4 11. Qf3 Kg8 12. Bxe4 dxe4 13. Qxe4 Kh7 14. Qxe6 Bb4+
15. c3 Re8 16. Qc4 Bd6 17. Bxd6 cxd6 18. Nd2 Rf8 19. Qe2 Qb6 20. O-O-O a5 21. f4
a4 22. a3 d5 23. Rhf1 Qe6 24. e4 dxe4 25. Qxe4 Qa2 26. f5 Rae8 27. fxg6+ Kg8 28.
Rxf8+ Rxf8 29. Qe2 Qa1+ 30. Kc2 Ne5 1-0

[Event "Mondiale Lampo FIDE 2017"]
[Site "Riyadh"]
[Date "29.12.2017"]
[Round "8.60"]
[White "Khairat, Ahmed"]
[Black "Malakhatko, Vadim"]
[Result "0-1"]
[WhiteTitle "CM"]
[BlackTitle "GM"]
[WhiteElo "2211"]
[BlackElo "2542"]
[WhiteFideId "10624171"]
[BlackFideId "14104202"]
[EventDate "2017.12.29"]

1. e4 c5 2. Nf3 e6 3. d4 cxd4 4. Nxd4 Nc6 5. c4 Nxd4 6. Qxd4 Ne7 7. Nc3 Nc6 8.
Qd1 Bc5 9. Bd3 O-O 10. O-O d6 11. Kh1 b6 12. f4 Bb7 13. Qf3 Nd4 14. Qh3 f5 15.
a3 a5 16. Rb1 a4 17. Be3 Qf6 18. Rbe1 Bc6 19. Qg3 Rae8 20. e5 dxe5 21. fxe5 Qe7
22. Nb5 Nxb5 23. cxb5 Bd5 24. Bc2 Ra8 25. Bg5 Qb7 26. Rf4 Be7 27. Bh6 Bd8 28.
Rh4 Bxh4 29. Qxh4 gxh6 30. Qxh6 Kh8 31. Re3 Qg7 32. Qh3 Rac8 33. Re2 Be4 34. Bd1
Rc1 35. Re1 Rd8 0-1

[Event "Mondiale Lampo FIDE 2017"]
[Site "Riyadh"]
[Date "29.12.2017"]
[Round "8.61"]
[White "Amer, Said Salim Al Maashani"]
[Black "Tissir, Mohamed"]
[Result "1-0"]
[WhiteTitle "FM"]
[BlackTitle "IM"]
[WhiteElo "2103"]
[BlackElo "2381"]
[WhiteFideId "22000100"]
[BlackFideId "9000240"]
[EventDate "2017.12.29"]

1. e4 c5 2. Nf3 d6 3. Bb5+ Nd7 4. O-O Nf6 5. Re1 a6 6. Bf1 b6 7. c3 Bb7 8. d3 e6
9. Bg5 Be7 10. Nbd2 O-O 11. a4 h6 12. Bxf6 Nxf6 13. g3 Qc7 14. Bg2 b5 15. h3 Bc6
16. a5 Rab8 17. g4 Nd7 18. Nf1 Rbe8 19. Ng3 Ne5 20. d4 Nc4 21. b3 Nxa5 22. d5
exd5 23. exd5 Ba8 24. Nf5 Bf6 25. Rxe8 Rxe8 26. Qc2 b4 27. Rd1 bxc3 28. h4 Qd8
29. g5 hxg5 30. hxg5 Bxg5 31. Nxd6 Qxd6 32. Nxg5 Qh6 33. Qf5 c2 1-0

[Event "Mondiale Lampo FIDE 2017"]
[Site "Riyadh"]
[Date "29.12.2017"]
[Round "8.62"]
[White "Miswadah, Baha"]
[Black "Al-Saffar, Araz Basim Mohammed S"]
[Result "0-1"]
[BlackTitle "IM"]
[WhiteElo "1877"]
[BlackElo "2368"]
[WhiteFideId "11502118"]
[BlackFideId "4801040"]
[EventDate "2017.12.29"]

1. e4 d6 2. d4 Nf6 3. Nc3 g6 4. Bg5 c6 5. f4 b5 6. Bd3 b4 7. Nce2 Nbd7 8. Nf3
Bg7 9. O-O O-O 10. Qd2 Qb6 11. Kh1 Ba6 12. Bxa6 Qxa6 13. c3 Nxe4 14. Qe3 Nxg5
15. Nxg5 bxc3 16. bxc3 Nf6 17. Ng3 Nd5 18. Qe2 Qxe2 19. Nxe2 Rab8 20. c4 Ne3 21.
Rf3 Nxc4 22. Rc1 d5 23. Rh3 Rb2 24. Ng1 Bxd4 25. Rb3 Rb8 26. Rxb8+ Rxb8 27. N1f3
Be3 28. Rd1 Bxf4 29. Ng1 0-1

[Event "Mondiale Lampo FIDE 2017"]
[Site "Riyadh"]
[Date "29.12.2017"]
[Round "8.63"]
[White "Saeed, Ishaq"]
[Black "Masrahi, Abdulrahman A"]
[Result "1-0"]
[WhiteTitle "FM"]
[BlackTitle "CM"]
[WhiteElo "2434"]
[BlackElo "1962"]
[WhiteFideId "9301453"]
[BlackFideId "21501564"]
[EventDate "2017.12.29"]

1. d4 d5 2. c4 c6 3. e3 Nf6 4. Nf3 a6 5. Nbd2 Nbd7 6. Bd3 b5 7. cxd5 cxd5 8. O-O
Bb7 9. a4 Qb6 10. axb5 axb5 11. Rxa8+ Bxa8 12. Qe2 Bc6 13. Nb3 e6 14. Bd2 Bd6
15. Na5 b4 16. Nxc6 Qxc6 17. Bb5 Qb7 18. Ne5 O-O 19. f4 Rb8 20. Bc6 Qa7 21. Nxd7
Nxd7 22. f5 Bxh2+ 23. Kh1 Bd6 24. fxe6 fxe6 25. Qg4 Re8 26. Rc1 Nf6 27. Qh3 Re7
28. Be1 Qb6 29. Bh4 b3 30. Rc3 Bb4 31. Rc1 Qa5 32. Qg3 Kf7 33. Qf4 Qb6 34. Ba4
Qa6 35. Bxb3 Qe2 36. Rf1 Bd2 37. Bxf6 Qxe3 38. Qxe3 Bxe3 39. Bxe7+ 1-0

[Event "Mondiale Lampo FIDE 2017"]
[Site "Riyadh"]
[Date "29.12.2017"]
[Round "8.64"]
[White "Lam, Daniel King-wai"]
[Black "Alem, Ali Hussien"]
[Result "1-0"]
[WhiteTitle "FM"]
[WhiteElo "2222"]
[BlackElo "1745"]
[WhiteFideId "6001238"]
[BlackFideId "21500088"]
[EventDate "2017.12.29"]

1. d4 Nf6 2. c4 e5 3. dxe5 Ng4 4. e4 Nxe5 5. f4 Ng6 6. Nf3 Bb4+ 7. Bd2 Qe7 8.
Nc3 Bxc3 9. Bxc3 Qxe4+ 10. Qe2 Qxe2+ 11. Bxe2 O-O 12. g3 b6 13. Kf2 Bb7 14. Rhd1
d6 15. h4 Nc6 16. h5 Nge7 17. h6 g6 18. g4 Na5 19. b3 Ba6 20. Rg1 d5 21. Bf6
Nec6 22. cxd5 Bxe2 23. Kxe2 Nb4 24. Rgd1 Rfe8+ 25. Ne5 Nc2 26. Rac1 Nb4 27. Rd2
Rac8 28. Rcd1 Nb7 29. a3 Na6 30. b4 c5 31. dxc6 Rxc6 32. g5 Nb8 33. Kf2 Rc3 34.
Rd3 Rc2+ 35. R1d2 Rc1 36. Rd1 Rc2+ 37. Kf3 a5 38. R1d2 Rc1 39. Rd1 Rc2 40. R1d2
Rc1 41. Nd7 Nxd7 42. Rxd7 Rc3+ 43. Kf2 Rxa3 44. Rxb7 axb4 45. Rb2 b3 46. Rxb6
Rc8 47. R6xb3 Kf8 48. Rxa3 Ke8 49. Re3+ Kf8 50. Bg7+ Kg8 51. Rbe2 f5 52. Re8+
Rxe8 53. Rxe8+ Kf7 54. Rh8 1-0

[Event "Mondiale Lampo FIDE 2017"]
[Site "Riyadh"]
[Date "29.12.2017"]
[Round "8.65"]
[White "Alanazy, Mohammed"]
[Black "Al Mahmood, Salman"]
[Result "0-1"]
[WhiteElo "1850"]
[BlackElo "1593"]
[WhiteFideId "21508488"]
[BlackFideId "11201517"]
[EventDate "2017.12.29"]

1. e4 c5 2. f4 d6 3. Nf3 Nf6 4. d4 cxd4 5. e5 dxe5 6. fxe5 Nd5 7. Nxd4 e6 8. Bc4
Bc5 9. Nf3 b6 10. Bxd5 exd5 11. Nc3 Bb7 12. Qe2 O-O 13. Bd2 Nd7 14. O-O-O Rc8
15. h4 Qe7 16. Rde1 Rfe8 17. Bf4 a6 18. Qd3 Bb4 19. Ng5 g6 20. h5 Bxc3 21. bxc3
Qa3+ 22. Kd1 Rxc3 23. Qd4 Qb2 24. Qd2 Qb1+ 25. Ke2 Qb5+ 26. Kf2 d4 27. hxg6 fxg6
28. Rxh7 Qd5 29. Reh1 Qxg2+ 30. Ke1 Nxe5 31. Rh8+ Kg7 32. R1h7+ Kf6 33. Bxe5+
Rxe5+ 0-1

[Event "Mondiale Lampo FIDE 2017"]
[Site "Riyadh"]
[Date "29.12.2017"]
[Round "8.66"]
[White "Omar, Noaman"]
[Black "Al Zamel, Khaled"]
[Result "1-0"]
[WhiteTitle "IM"]
[WhiteElo "2364"]
[BlackElo "1942"]
[WhiteFideId "9300244"]
[BlackFideId "21500967"]
[EventDate "2017.12.29"]

1. d4 d6 2. c4 c6 3. e4 Qc7 4. Nc3 Nf6 5. Bd3 e5 6. d5 Be7 7. Nge2 Bg4 8. f3 Bh5
9. Be3 Nbd7 10. Rc1 O-O 11. O-O Bg6 12. b4 Rad8 13. dxc6 bxc6 14. b5 c5 15. a4
Ra8 16. Ra1 a5 17. h3 Nb6 18. g4 Nfd7 19. Ng3 f6 20. Kh2 Rfe8 21. Rg1 Nf8 22.
Nd5 Nxd5 23. exd5 Bd8 24. Ra2 Bxd3 25. Qxd3 Ng6 26. Nf5 Be7 27. h4 Bf8 28. Rag2
Nf4 29. Bxf4 exf4 30. h5 g6 31. hxg6 hxg6 32. Nh4 Qh7 1-0

[Event "Mondiale Lampo FIDE 2017"]
[Site "Riyadh"]
[Date "29.12.2017"]
[Round "8.67"]
[White "Farhan, Marwan Ali"]
[Black "Al Ghamdi, Ahmed M"]
[Result "0-1"]
[BlackTitle "CM"]
[WhiteElo "1975"]
[BlackElo "2159"]
[WhiteFideId "9401652"]
[BlackFideId "21500150"]
[EventDate "2017.12.29"]

1. e4 Nc6 2. d4 d6 3. Nf3 Nf6 4. Nc3 Bg4 5. Be2 g6 6. O-O Bg7 7. h3 Bxf3 8. Bxf3
e5 9. d5 Nd4 10. Bg5 h6 11. Bh4 O-O 12. Be2 Nxe2+ 13. Qxe2 Qd7 14. Qe3 Kh7 15.
f4 exf4 16. Rxf4 g5 17. Rxf6 Bxf6 18. Bg3 Qe7 19. Rf1 Kg8 20. Nd1 c5 21. c3 b5
22. Qf3 Bg7 23. Ne3 Rad8 24. Nf5 Qf6 25. Qh5 Kh7 26. Nxd6 Qg6 27. Qxg6+ fxg6 28.
e5 Rxf1+ 29. Kxf1 Bf8 30. Nf7 Rxd5 31. e6 Be7 32. Ke2 Kg7 33. Be5+ Bf6 34. e7
Kxf7 0-1

[Event "Mondiale Lampo FIDE 2017"]
[Site "Riyadh"]
[Date "29.12.2017"]
[Round "8.68"]
[White "Al Habeeb, Emad"]
[Black "Al Abdali, Zeyad Saleh"]
[Result "1-0"]
[WhiteElo "1933"]
[BlackElo "1801"]
[WhiteFideId "21500029"]
[BlackFideId "21501505"]
[EventDate "2017.12.29"]

1. d4 Nf6 2. c4 c5 3. d5 d6 4. Nc3 g6 5. f3 Bg7 6. e4 Na6 7. Be3 Nc7 8. Qd2 a6
9. g4 Rb8 10. a4 Nd7 11. Bh6 O-O 12. Bxg7 Kxg7 13. h4 e6 14. h5 exd5 15. hxg6
fxg6 16. Qh6+ Kf7 17. Qxh7+ Ke8 18. Qxg6+ Rf7 19. Rh8+ Nf8 20. cxd5 Qf6 21. Qh5
Qd4 22. Rd1 Qxg1 23. Rd2 Qg3+ 24. Rf2 Qe5 25. f4 Qxh5 26. gxh5 Ke7 27. Bc4 b5
28. Ba2 b4 29. Ne2 Bg4 30. Ng3 b3 31. Bb1 Rb4 32. h6 Rh7 33. Rg8 Bd7 34. Rg7+
Ke8 35. Rxh7 Nxh7 36. e5 dxe5 37. Bxh7 exf4 38. Ne4 Rxe4+ 39. Bxe4 Bxa4 40. h7
Kd7 41. h8=Q Bb5 42. Qg7+ Kc8 43. Qf8+ Kb7 44. Qxc5 Ne8 45. d6+ 1-0

[Event "Mondiale Lampo FIDE 2017"]
[Site "Riyadh"]
[Date "29.12.2017"]
[Round "8.69"]
[White "Salama, Taher"]
[Black "Al Saidi, Mohammed Khalfan"]
[Result "1-0"]
[WhiteElo "1769"]
[BlackElo "1468"]
[WhiteFideId "11502231"]
[BlackFideId "22001271"]
[EventDate "2017.12.29"]

1. d4 Nf6 2. c4 g6 3. Nc3 Bg7 4. e4 d6 5. Be2 O-O 6. Be3 Nc6 7. Qd2 e5 8. d5 Ne7
9. h4 h5 10. f3 c6 11. O-O-O cxd5 12. cxd5 b5 13. Bxb5 Rb8 14. Be2 a5 15. Kb1
Bd7 16. Nh3 a4 17. a3 Qa5 18. Nf2 Rfc8 19. Rc1 Rb7 20. g4 Rcb8 21. Rc2 Nc8 22.
gxh5 Nxh5 23. Nd3 Na7 24. Nb4 Nb5 25. Nxb5 Bxb5 26. Bxb5 Qxb5 27. Rhc1 Kh7 28.
Rc6 Nf4 29. Bxf4 exf4 30. Qxf4 Qe2 31. R6c2 Qb5 32. Qg4 Bh6 33. f4 Bg7 34. h5
gxh5 35. Qxh5+ Kg8 36. Rg1 Qd3 37. Nxd3 f5 38. Qxf5 Rb3 39. Qe6+ Kf8 40. Rxg7
Kxg7 41. Qe7+ 1-0

[Event "Mondiale Lampo FIDE 2017"]
[Site "Riyadh"]
[Date "29.12.2017"]
[Round "9.1"]
[White "Carlsen, Magnus"]
[Black "Grigoriants, Sergey"]
[Result "1/2-1/2"]
[WhiteTitle "GM"]
[BlackTitle "GM"]
[WhiteElo "2837"]
[BlackElo "2561"]
[WhiteFideId "1503014"]
[BlackFideId "4130804"]
[EventDate "2017.12.29"]

1. c4 e5 2. Nc3 Nf6 3. e3 Bb4 4. Nge2 O-O 5. a3 Be7 6. d4 exd4 7. Qxd4 Nc6 8.
Qd1 Ne5 9. Nf4 c6 10. Be2 Ng6 11. Nh5 Nxh5 12. Bxh5 d6 13. O-O Be6 14. b3 Bf6
15. Bb2 d5 16. cxd5 Bxd5 17. Qc2 Be6 18. Be2 a5 19. Na4 Bxb2 20. Qxb2 Qe7 21.
Qc3 Rfd8 22. Nb6 Ra7 23. Rfd1 h6 24. Bc4 Bxc4 25. Nxc4 Qc7 26. h3 Raa8 27. a4 b5
28. Rxd8+ Qxd8 29. axb5 cxb5 30. Nxa5 Qd5 31. b4 Nh4 32. f3 Qg5 33. Ra2 Nxf3+
34. Kh1 Ne5 35. Rd2 Qf5 36. Rd5 Qf1+ 37. Kh2 Nf3+ 38. Kg3 Ng5 39. Qd3 Qe1+ 40.
Kh2 Qxb4 41. Nc6 Qe4 42. Rd8+ Rxd8 43. Qxd8+ Kh7 44. Ne7 Qe5+ 45. Kh1 Qa1+ 46.
Kh2 Qe5+ 47. Kg1 Qa1+ 48. Kf2 Qf6+ 49. Ke2 Qb2+ 50. Kd3 Qb3+ 51. Ke2 Qb2+ 52.
Ke1 Qc1+ 53. Kf2 Qb2+ 54. Kg1 Qa1+ 55. Kh2 Qe5+ 1/2-1/2

[Event "Mondiale Lampo FIDE 2017"]
[Site "Riyadh"]
[Date "29.12.2017"]
[Round "9.2"]
[White "Karjakin, Sergey"]
[Black "Esipenko, Andrey"]
[Result "1-0"]
[WhiteTitle "GM"]
[BlackTitle "FM"]
[WhiteElo "2760"]
[BlackElo "2564"]
[WhiteFideId "14109603"]
[BlackFideId "24175439"]
[EventDate "2017.12.29"]

1. b3 e5 2. Bb2 Nc6 3. e3 Nf6 4. Bb5 Bd6 5. Na3 e4 6. Nc4 Be7 7. Bxc6 dxc6 8.
Ne2 O-O 9. O-O c5 10. Ng3 Re8 11. f3 exf3 12. Qxf3 Rf8 13. e4 Bg4 14. Qf2 Be6
15. d3 Ng4 16. Qf3 b5 17. Na5 Bf6 18. Bxf6 Nxf6 19. a4 a6 20. Qe3 Nd7 21. Nc6
Qh4 22. Nf5 Bxf5 23. Rxf5 Rae8 24. Rd5 Qg4 25. Qg3 Qe6 26. Qxc7 Nf6 27. Rxc5 Kh8
28. Nd4 Qg4 29. Nf3 Rc8 30. Qd6 Rxc5 31. Qxf8+ 1-0

[Event "Mondiale Lampo FIDE 2017"]
[Site "Riyadh"]
[Date "29.12.2017"]
[Round "9.3"]
[White "Kravtsiv, Martyn"]
[Black "Andriasian, Zaven"]
[Result "1/2-1/2"]
[WhiteTitle "GM"]
[BlackTitle "GM"]
[WhiteElo "2672"]
[BlackElo "2585"]
[WhiteFideId "14113147"]
[BlackFideId "13302000"]
[EventDate "2017.12.29"]

1. e4 c5 2. Nf3 d6 3. Bb5+ Nc6 4. O-O Bd7 5. Re1 Nf6 6. c3 a6 7. Bf1 Bg4 8. h3
Bxf3 9. Qxf3 e6 10. d3 Be7 11. Be3 d5 12. Nd2 O-O 13. exd5 Nxd5 14. Rad1 Rc8 15.
Nb3 Nxe3 16. Qxe3 Qb6 17. g3 Na5 18. Nxa5 Qxa5 19. a3 Bf6 20. Bg2 b5 21. d4 cxd4
22. cxd4 Qb6 23. b4 Rfd8 24. d5 Qxe3 25. Rxe3 exd5 1/2-1/2

[Event "Mondiale Lampo FIDE 2017"]
[Site "Riyadh"]
[Date "29.12.2017"]
[Round "9.5"]
[White "Svidler, Peter"]
[Black "Amin, Bassem"]
[Result "1-0"]
[WhiteTitle "GM"]
[BlackTitle "GM"]
[WhiteElo "2765"]
[BlackElo "2689"]
[WhiteFideId "4102142"]
[BlackFideId "10601457"]
[EventDate "2017.12.29"]

1. Nf3 Nf6 2. c4 g6 3. g3 Bg7 4. Bg2 O-O 5. O-O d6 6. d4 Nc6 7. Nc3 a6 8. Re1
Rb8 9. Rb1 Na5 10. b3 b5 11. cxb5 axb5 12. e4 b4 13. Na4 d5 14. e5 Ne4 15. Be3
Bd7 16. Nd2 Nc3 17. Nxc3 bxc3 18. Nf3 Bf5 19. Rc1 c2 20. Qd2 c5 21. dxc5 Nc6 22.
Nd4 Nxd4 23. Bxd4 Qd7 24. Bf1 Ra8 25. Bd3 Rxa2 26. Rxc2 Bh6 27. Qxh6 1-0

[Event "Mondiale Lampo FIDE 2017"]
[Site "Riyadh"]
[Date "29.12.2017"]
[Round "9.7"]
[White "Bortnyk, Olexandr"]
[Black "Le, Quang Liem"]
[Result "0-1"]
[WhiteTitle "GM"]
[BlackTitle "GM"]
[WhiteElo "2610"]
[BlackElo "2737"]
[WhiteFideId "14120828"]
[BlackFideId "12401137"]
[EventDate "2017.12.29"]

1. d4 Nf6 2. Nc3 d5 3. Bf4 c5 4. e3 cxd4 5. exd4 a6 6. Nf3 Bg4 7. h3 Bh5 8. Be2
e6 9. Ne5 Bxe2 10. Nxe2 Nc6 11. c3 Rc8 12. O-O Be7 13. Ng3 O-O 14. Re1 b5 15. a3
a5 16. Qd3 b4 17. Nxc6 Rxc6 18. axb4 axb4 19. Ra7 bxc3 20. bxc3 Bd6 21. Bg5 h6
22. Bxf6 Qxf6 23. Re3 Rc7 24. Rxc7 Bxc7 25. c4 dxc4 26. Qxc4 Bb6 27. Re4 Rd8 28.
Ne2 e5 29. Qb5 exd4 30. Nf4 Kh7 31. Qd3 g6 32. Ne2 Ra8 33. g3 Qf5 34. g4 Qd5 35.
Nf4 Qc6 36. Ne2 Ra1+ 37. Kh2 Rd1 38. Qxd1 Qxe4 39. Kg1 d3 40. Ng3 Qf4 41. Qxd3
Qxf2+ 0-1

[Event "Mondiale Lampo FIDE 2017"]
[Site "Riyadh"]
[Date "29.12.2017"]
[Round "9.10"]
[White "Dreev, Aleksey"]
[Black "Grischuk, Alexander"]
[Result "1/2-1/2"]
[WhiteTitle "GM"]
[BlackTitle "GM"]
[WhiteElo "2653"]
[BlackElo "2772"]
[WhiteFideId "4100107"]
[BlackFideId "4126025"]
[EventDate "2017.12.29"]

1. d4 d5 2. c4 e6 3. Nc3 Bb4 4. Nf3 dxc4 5. Qa4+ Nc6 6. a3 Bxc3+ 7. bxc3 Qd5 8.
Nd2 b5 9. Qc2 Bb7 10. e4 Qd7 11. a4 a6 12. Rb1 Na5 13. Ba3 Ne7 14. Be2 O-O 15.
O-O Rfb8 16. Bb4 Nac6 17. Bc5 Bc8 18. f4 Na5 19. Bb4 Nac6 20. Bc5 Na5 21. Bb4
Nac6 1/2-1/2

[Event "Mondiale Lampo FIDE 2017"]
[Site "Riyadh"]
[Date "29.12.2017"]
[Round "9.11"]
[White "Bacrot, Etienne"]
[Black "Yu, Yangyi"]
[Result "1/2-1/2"]
[WhiteTitle "GM"]
[BlackTitle "GM"]
[WhiteElo "2725"]
[BlackElo "2751"]
[WhiteFideId "605506"]
[BlackFideId "8603820"]
[EventDate "2017.12.29"]

1. e4 c5 2. Nf3 Nc6 3. Nc3 e5 4. Bc4 Be7 5. d3 d6 6. Nd2 Nf6 7. Nf1 Bg4 8. f3
Be6 9. Ne3 O-O 10. O-O Nh5 11. g3 Bg5 12. Ncd5 Bxe3+ 13. Bxe3 Ne7 14. Bg5 Bxd5
15. Bxd5 h6 16. Bxe7 Qxe7 17. f4 Nf6 18. Bb3 b5 19. a4 a6 20. Qf3 Qc7 21. Qe2
Rfc8 22. fxe5 dxe5 23. Rxf6 gxf6 24. Bd5 Ra7 25. axb5 Kf8 26. bxa6 Qb6 27. Bb7
c4+ 28. Kh1 Qxb2 29. Rf1 Rxb7 30. axb7 Qxb7 31. Qh5 cxd3 32. Qxh6+ Ke8 33. cxd3
Rc6 34. Rxf6 Qb1+ 35. Kg2 Rc2+ 36. Kh3 Qg1 37. Re6+ fxe6 38. Qxe6+ Kd8 39. Qd5+
Kc8 40. Qe6+ Kc7 41. Qf7+ Kc6 42. Qe6+ Kc7 43. Qf7+ Kc8 44. Qe6+ Kc7 45. Qf7+
Kc8 46. Qe6+ Kc7 47. Qf7+ Kc6 48. Qd5+ Kc7 49. Qf7+ Kc8 50. Qe6+ Kc7 51. Qf7+
Kc8 52. Qe6+ Kc7 53. Qf7+ Kc6 54. Qd5+ Kc7 55. Qf7+ Kd8 56. Qd5+ Kc8 57. Qe6+
Kc7 1/2-1/2